Actuar para ser : tres experiencias de taller-teatro y una guía práctica /
Exposición de tres experiencias de taller de teatro realizadas en el marco de la educación media básica en España, que ofrece una serie de propuestas para la enseñanza de esta expresión y su uso como herramienta para el desarrollo de la espontaneidad, la creatividad y la personalidad de alumnos de l...
Guardat en:
| Autor principal: | |
|---|---|
| Format: | Llibre |
| Idioma: | espanyol |
| Publicat: |
Granada, España :
Mágina,
1999, c1999
|
| Col·lecció: | (Recursos Mágina ;
9) |
| Matèries: | |
| Etiquetes: |
Sense etiquetes, Sigues el primer a etiquetar aquest registre!
|
MARC
| LEADER | 00000nam^a2200000^a^4500 | ||
|---|---|---|---|
| 001 | 000131948 | ||
| 005 | 20250521000000.0 | ||
| 009 | 20260310095040.811 | ||
| 020 | |a 84-95345-02-1 | ||
| 037 | |a Acervo ITESO - Biblioteca | ||
| 041 | |a ESP | ||
| 082 | |a 371. 332 |b CAÑ | ||
| 100 | |a Cañas Torregrosa, José |e (autor) | ||
| 245 | 1 | 0 | |a Actuar para ser : |b tres experiencias de taller-teatro y una guía práctica / |c J. Cañas Torregrosa. |
| 264 | 4 | |a Granada, España : |b Mágina, |c 1999, c1999 | |
| 300 | |a 229 p. | ||
| 336 | |a texto |b txt |2 rdacontenido | ||
| 337 | |a sin mediación |b n |2 rdamedio | ||
| 338 | |a volumen |b nc |2 rdasoporte | ||
| 440 | 1 | |a (Recursos Mágina ; |v 9) | |
| 520 | |a Exposición de tres experiencias de taller de teatro realizadas en el marco de la educación media básica en España, que ofrece una serie de propuestas para la enseñanza de esta expresión y su uso como herramienta para el desarrollo de la espontaneidad, la creatividad y la personalidad de alumnos de los diversos niveles educativos. | ||
| 649 | |a XX | ||
| 650 | |a Teatro - |z España - |x Estudio y Enseñanza | ||
| 650 | |a Teatro - |x Estudio y Enseñanza - |x Tema Principal | ||
| 650 | |a Artes Escénicas - |x Estudio y Enseñanza | ||
| 650 | |a Arte - |x Estudio y Enseñanza | ||
| 650 | |a Apoyos Didácticos - |x Tema Principal | ||
| 650 | |a Talleres Educativos | ||
| 650 | |a Metodología Educativa | ||
| 650 | |a Proceso Educativo | ||
| 650 | |a Finalidades de la Educación | ||
| 650 | |a Psicología Educativa | ||
| 650 | |a Educación Media Básica - |z España | ||
| 910 | |a Fondo General | ||
| 920 | |a Impresos - Libros | ||
| 930 | |a Colección General | ||
| 905 | |a 101 | ||
| 901 | |a 0500061201 |b IT1 |c ACC |u 20250521 | ||
| 902 | |a https://opac.biblio.iteso.mx/vufind/Record/000131948 | ||